| 000 | 00464nam a2200181Ia 4500 | ||
|---|---|---|---|
| 008 | 240925s9999 xx 000 0 und d | ||
| 020 | _aNA | ||
| 082 | _a796.44 WOO | ||
| 100 | _aNot - Available | ||
| 245 | 0 | _aWisden: cricketer's almanack | |
| 250 | _aNA | ||
| 260 |
_aNA _bNot Available _c,1983. |
||
| 300 |
_axv,425p. _bN.A _fPhotocopy |
||
| 500 | _aIncludes Index | ||
| 600 | _aHumanities & Natural Science | ||
| 650 | _aArts and Recreation | ||
| 942 | _cBK | ||
| 999 |
_c12129 _d12129 |
||